000 00375nam a2200157Ia 4500
005 20250423095508.0
008 250422s9999 xx 000 0 und d
020 _a9788184872538
050 _aQH 430 .M54/
100 _aMiglani, Gurbachan S.
245 0 _aGenetic material
260 _aNew Delhi
260 _bNarosa Publishing Housing
260 _c2013
942 _cBK
999 _c30449
_d30449